| 000 | 01092nam a22002775i 4500 | ||
|---|---|---|---|
| 001 | 164932 | ||
| 003 | ES-MaACL | ||
| 005 | 20250529172040.0 | ||
| 008 | 050812s1839 fr af | |||||||| ||fre d | ||
| 040 |
_aCAM _bspa _cCAM |
||
| 080 | _a087.5:82 | ||
| 100 | 1 |
_aSchmid, Christoph von, _d1768-1854 _9104449 |
|
| 245 | 1 | 0 |
_aCharles Seymour ou Le dévouement filial suivi de Petit oiseleur / _cChanoine C. Schmid ; traduit de l'allemand par Christian. |
| 260 |
_aParis : _bPitois-Levrault et C., _c1839 ( _fImprimerie de H. Fournier et C.) |
||
| 300 |
_a144 p., [2] h. de lám. ; _c14 cm. |
||
| 490 | 1 | _aCollection des contes de M. Le Chanoine Schmid | |
| 594 | _aPrecede al tít.: Suite aux Contes. | ||
| 597 | _aSegunda obra con portadilla. | ||
| 598 | _aDato de serie consta en la cub. | ||
| 700 | 1 |
_aChristian, P., _d1811-1872 _9149400 |
|
| 740 | 3 | _aLe petit oiseleur. | |
| 830 | 0 |
_aCollection des contes de M. Le Chanoine Schmid _9188514 |
|
| 852 |
_aES-MaACL _jD-3965(2) _z-- Enc. hol., conservando la cub. original |
||
| 999 |
_c164932 _d164932 |
||